000 01207nam a2200265 a 4500
001 000010193
005 20240412074216.0
008 091005s1990 dr a 000 p spa d
040 _aDO-SdBNP
_bspa
_cBNPHU
082 _aRD861.44
_bG633c
100 1 _aGómez Rosa, Alexis,
_d1950-
_923501
245 1 0 _aCabeza de alquiler (contra la pluma la espuma): poemas 1980-86 ;
_bOpio territorio (contra la pluma la espuma): poemas 1980-86 /
_cAlexis Gómez Rosa ; edición Luis Ceballos Blanco.
260 _aSanto Domingo :
_bTaller,
_c1990.
300 _a134, 108 p. :
_bil. ;
_c23 cm.
490 1 _aLuna cabeza caliente. Novilunio.
_v9
502 _aPublicado con: Opio territorio: (contra la pluma la espuma) poemas 1980-86
563 _aDos obras publicadas juntas con paginación independiente en encuadernación invertida.
590 _aInventariado, 2018/LP
650 0 _aPoesía dominicana
_966
650 0 _aLiteratura dominicana.
_967
700 1 2 _aGómez Rosa, Alexis,
_d1950-
_tOpio territorio (contra la pluma la espuma): poemas 1980-86
_925196
700 1 _aCeballos Blanco, Luis,
_eed.
_925197
830 0 _aLuna cabeza caliente. Novilunio.
_v9
_925198
910 _aValidado. Control de calidad BNPHU
999 _c9952
_d9952